El Desarrollo de los estudios internacionales en América Latina: algunas implicaciones con respecto a la docencia /
sin resumen
محفوظ في:
| المؤلف الرئيسي: | |
|---|---|
| التنسيق: | نص |
| الموضوعات: | |
| الوسوم: |
إضافة وسم
لا توجد وسوم, كن أول من يضع وسما على هذه التسجيلة!
|
MARC
| LEADER | 00000 a a2200000 04500 | ||
|---|---|---|---|
| 001 | 5071 | ||
| 003 | |||
| 040 | |||
| 100 | |a Tomassini, Luciano | ||
| 245 | |a El Desarrollo de los estudios internacionales en América Latina: |b algunas implicaciones con respecto a la docencia / |c Luciano Tomassini | ||
| 520 | |a sin resumen | ||
| 650 | |a RELACIONES INTERNACIONALES | ||
| 650 | |a DOCENTES | ||
| 773 | |g número 7; páginas 51-73 | ||
| 999 | |c 28393 |d 28393 | ||
| 773 | 0 | |0 43348 |9 4845 |a Programa de las Naciones Unidas para el Desarrollo |d Santiago, Chile: PNUD; CEPAL |o MFN: 1185 |t Documento de Trabajo/ | |
